000 00573nam a2200217Ia 4500
003 OSt
005 20220928141509.0
006 a|||||r|||| 00| 0
007 ta
008 220927b |||||||| |||| 00| 0 eng d
024 _a15580
037 _cTextual
040 _aSDCL
_cSDCL
_beng
041 _2eng
_aeng
082 _aO123,3J47,1:g, 111L0
100 _aSerrano-Plaja Arturo
_9500606
245 0 _aMagic realism in cervantes.
260 _c1970
942 _hO123,3J47,1:g, 111L0
_cTEXL
_2CC
999 _c817971
_d817971